<?xml version="1.0" encoding="UTF-8"?>
<record
    xmlns:xsi="http://www.w3.org/2001/XMLSchema-instance"
    xsi:schemaLocation="http://www.loc.gov/MARC21/slim http://www.loc.gov/standards/marcxml/schema/MARC21slim.xsd"
    xmlns="http://www.loc.gov/MARC21/slim">

  <leader>06173nam a2200421Ia 4500</leader>
  <controlfield tag="001">dia_4956</controlfield>
  <controlfield tag="003">CHAP</controlfield>
  <controlfield tag="005">20250708182806.0</controlfield>
  <controlfield tag="007">ta</controlfield>
  <controlfield tag="008">220117s2012    mx abdofrm    001 0 spa d</controlfield>
  <datafield tag="010" ind1=" " ind2=" ">
    <subfield code="a">175762</subfield>
  </datafield>
  <datafield tag="040" ind1=" " ind2=" ">
    <subfield code="c">CHAP</subfield>
    <subfield code="a">mxchpua</subfield>
    <subfield code="e">rda</subfield>
  </datafield>
  <datafield tag="041" ind1="0" ind2=" ">
    <subfield code="a">spa</subfield>
    <subfield code="b">eng</subfield>
  </datafield>
  <datafield tag="090" ind1=" " ind2=" ">
    <subfield code="a">Tesis </subfield>
    <subfield code="b">S266 </subfield>
    <subfield code="c">2012</subfield>
  </datafield>
  <datafield tag="100" ind1="1" ind2=" ">
    <subfield code="a">Sandoval Vel&#xE1;zquez, Irais Nallely</subfield>
  </datafield>
  <datafield tag="240" ind1="1" ind2="0">
    <subfield code="a">Evaluation of physico-chemical and phytosanitary characteristics of non-irrigated wheat (Triticum aestivum) in M&#xE9;xico.</subfield>
    <subfield code="l">Espa&#xF1;ol</subfield>
  </datafield>
  <datafield tag="245" ind1="1" ind2="0">
    <subfield code="a">Evaluaci&#xF3;n de la calidad fisicoqu&#xED;mica y fitosanitaria de trigo (Triticum Aestivum) de temporal de M&#xE9;xico /</subfield>
    <subfield code="c">Irais Nallely Sandoval Vel&#xE1;zquez</subfield>
  </datafield>
  <datafield tag="264" ind1=" " ind2=" ">
    <subfield code="a">Chapingo, M&#xE9;xico :</subfield>
    <subfield code="b">El autor,</subfield>
    <subfield code="c">2012</subfield>
  </datafield>
  <datafield tag="300" ind1=" " ind2=" ">
    <subfield code="a">viii, 108 hojas :</subfield>
    <subfield code="b">ilustraciones, mapas, gr&#xE1;ficas, diagramas, tablas, fotos </subfield>
  </datafield>
  <datafield tag="336" ind1=" " ind2=" ">
    <subfield code="2">rdacontent</subfield>
    <subfield code="a">texto</subfield>
    <subfield code="b">txt</subfield>
  </datafield>
  <datafield tag="337" ind1=" " ind2=" ">
    <subfield code="2">rdamedia</subfield>
    <subfield code="a">no mediado</subfield>
    <subfield code="b">n</subfield>
  </datafield>
  <datafield tag="338" ind1=" " ind2=" ">
    <subfield code="2">rdacarrier</subfield>
    <subfield code="a">volumen</subfield>
    <subfield code="b">nc</subfield>
  </datafield>
  <datafield tag="502" ind1=" " ind2=" ">
    <subfield code="a">Tesis </subfield>
    <subfield code="b">(Ingeniero Agroindustrial) -- </subfield>
    <subfield code="c">UACh. Departamento de Ingenier&#xED;a Agroindustrial, </subfield>
    <subfield code="d">2012</subfield>
  </datafield>
  <datafield tag="504" ind1=" " ind2=" ">
    <subfield code="a">Bibliograf&#xED;a: hojas 106-108</subfield>
  </datafield>
  <datafield tag="520" ind1="3" ind2=" ">
    <subfield code="a">El trigo que se siembra en M&#xE9;xico no cubre con la demanda de la agroindustria panadera nacional por lo que la producci&#xF3;n de trigo harinero o panificable es inferior a la demanda de la industria nacional por lo que es necesario producirlo bajo condiciones de temporal en la zona centro del pa&#xED;s. Con este trabajo se busca beneficiar a la cadena agroindustrial-trigo panadero, haciendo un estudio que permita identificar la calidad del trigo comercial que es sembrado bajo condiciones de temporal. Para lo cual, se evalu&#xF3; la calidad fisicoqu&#xED;mica y fitosanitaria de varios trigos. lo que implica, efectuar pruebas en grano entero y la evaluaci&#xF3;n de la sanidad del grano. Se pretende tener un punto de comparaci&#xF3;n de la calidad de las cosechas del trigo de temporal; as&#xED; como, caracterizar la sanidad del trigo de temporal. La evaluaci&#xF3;n de realiz&#xF3; en 4 Estados: Tlaxcala, M&#xE9;xico, Guanajuato y Jalisco; 15 municipios del Estado de Tlaxcala; 14 municipios del Estado de M&#xE9;xico; 3 del estado de Guanajuato y 3 de Jalisco. Los municipios de estudio fueron los m&#xE1;s representativos, es decir, los de mayor producci&#xF3;n. La metodolog&#xED;a empleada para realizar los an&#xE1;lisis tanto f&#xED;sica como qu&#xED;mica estuvieron basados en los m&#xE9;todos aprobados por las America Association of Cereal Chemist (AACC) y por las International Rules for Seed Testing Association (ISTA). Se detectaron granos con textura de duro a semi-duro, el promedio de la variable Peso Hectol&#xED;trico fue de 69.69 kg: una textura de grano suave del grupo 3 de acuerdo con la clasificaci&#xF3;n de los trigos en M&#xE9;xico para consumo humano. Estad&#xED;sticamente el valor de prote&#xED;na para los Estados de M&#xE9;xico y Jalisco fue de 11%, cuyo valor es bajo, es decir que indica poca cantidad de prote&#xED;na en el gluten de la harina. Para la variable &#xED;ndice de ca&#xED;da o Falling Number se obtuvo un valor promedio de 189.4s, este es un valor aceptable en la industria panadera. Los trigos de los Estados con mejores caracter&#xED;sticas para la industria panadera fueron el Estado de M&#xE9;xico y Jalisco. En la inspecci&#xF3;n visual de grano, de mejores caracter&#xED;sticas f&#xED;sicas es del Estado de M&#xE9;xico. En lo referente a la incidencia de microorganismos, aunque existe presencia de Alternar&#xED;a spp. y Epieun spp est&#xE1; o es significativa en t&#xE9;minos generales. --</subfield>
  </datafield>
  <datafield tag="520" ind1="3" ind2=" ">
    <subfield code="a">Wheat planted in Mexico does not meet the demand of the domestic baking industry The production of wheat flour suitable for baking is lower than the national industry demand and is produced under rainfed (non-irrigated) conditions in the central part of the country. This reasearch seeks to benefit the agroindustrial wheat chain through a study to identify th0se commercial qualities of wheat planted in non-irrigated conditions. To evaluate the physicochemical and phytosanitary qualities of baking flour, examined the whole grain and seed grain health. The aim is to have baseline data that will permit comparison of har vested grain in order to facilitate evaluation of crop quality. Four wheat-growing States were sampled: Tlaxcala, Mexico, Guanajuato and Jalisco. Within these States, 15 municipalities in Tlaxcala, 14 in the State of Mexico, 3 in Guanajuato and 3 in Jalisco formed part of the Sample group. The selected municipalities represent the highest producers of rainfed wheat in the country. The methodology used for analysis was based on the methods approved by the American Association of Cereal Chemists (AACC) and the International Rules for Seed Testing Association (ISTA). Grains were detected with grain textures from hard to semi-hard. The average variable Hectolitre Test Weight found was 69.69 kg/hL a soft-grain texture, cate gorised as Group 3 according to the classification of wheat in Mexico for human consumption. Statistically, the averaged protein value for all States was 11%, which is low, indicating a small anount of protein in the flour gluten. The average Falling Number obtained was a value of 189.4 s, which is acceptable in the baking industry. The States with wheat crops meeting the highest quality for the baking industry were those of Jalisco and the State of Mexico. From visual inspection of grain, thOse from the State of Mexico presented the least non-conformities and damages. The incidence of microorganism Alternaria spp. and Epicoccum spp. neasured that was not significant overall. Seed aflecled by fungus can aflect the overall industrial quality of wheat, not only in performance, yield and in agro-industrial processes.&#xA0;</subfield>
  </datafield>
  <datafield tag="650" ind1="1" ind2="3">
    <subfield code="a">Trigo</subfield>
    <subfield code="2">atg</subfield>
    <subfield code="x">Control de calidad</subfield>
  </datafield>
  <datafield tag="650" ind1="1" ind2="7">
    <subfield code="a">Trigo</subfield>
    <subfield code="2">atg</subfield>
    <subfield code="x">Propiedades fisicoqu&#xED;micas</subfield>
  </datafield>
  <datafield tag="650" ind1="1" ind2="0">
    <subfield code="a">Wheat  </subfield>
    <subfield code="2">atg</subfield>
    <subfield code="x">Quality control</subfield>
  </datafield>
  <datafield tag="650" ind1="1" ind2="3">
    <subfield code="a">Wheat  </subfield>
    <subfield code="2">atg</subfield>
    <subfield code="x">Physicochemical properties</subfield>
  </datafield>
  <datafield tag="700" ind1="1" ind2=" ">
    <subfield code="a">Valle Guadarrama, Salvador</subfield>
    <subfield code="e">director</subfield>
  </datafield>
  <datafield tag="700" ind1="1" ind2=" ">
    <subfield code="a">Buend&#xED;a Gonz&#xE1;lez, Mar&#xED;a Ofelia</subfield>
    <subfield code="e">asesora</subfield>
  </datafield>
  <datafield tag="700" ind1="1" ind2=" ">
    <subfield code="a">Santos Moreno, Armando</subfield>
    <subfield code="e">asesor</subfield>
  </datafield>
  <datafield tag="901" ind1=" " ind2=" ">
    <subfield code="a">TESIS 6849</subfield>
  </datafield>
  <datafield tag="902" ind1=" " ind2=" ">
    <subfield code="a">M</subfield>
  </datafield>
  <datafield tag="905" ind1=" " ind2=" ">
    <subfield code="a">5232272012                          mx amn 8222223322spa16</subfield>
  </datafield>
  <datafield tag="942" ind1=" " ind2=" ">
    <subfield code="c">TESIS</subfield>
    <subfield code="2">Clasificaci&#xF3;n Universidad Aut&#xF3;noma Chapingo</subfield>
  </datafield>
  <datafield tag="999" ind1=" " ind2=" ">
    <subfield code="c">175762</subfield>
    <subfield code="d">175762</subfield>
  </datafield>
  <datafield tag="952" ind1=" " ind2=" ">
    <subfield code="0">0</subfield>
    <subfield code="1">0</subfield>
    <subfield code="2">ddc</subfield>
    <subfield code="4">0</subfield>
    <subfield code="7">0</subfield>
    <subfield code="8">TESIS</subfield>
    <subfield code="a">IA_</subfield>
    <subfield code="b">IA_</subfield>
    <subfield code="c">1</subfield>
    <subfield code="d">2022-01-18</subfield>
    <subfield code="f">2</subfield>
    <subfield code="l">0</subfield>
    <subfield code="p">dia_006851</subfield>
    <subfield code="r">2022-01-18 00:00:00</subfield>
    <subfield code="t">3</subfield>
    <subfield code="w">2022-01-18</subfield>
    <subfield code="y">TESIS</subfield>
    <subfield code="z">3</subfield>
  </datafield>
  <datafield tag="952" ind1=" " ind2=" ">
    <subfield code="0">0</subfield>
    <subfield code="1">0</subfield>
    <subfield code="2">local</subfield>
    <subfield code="4">0</subfield>
    <subfield code="5">1</subfield>
    <subfield code="7">0</subfield>
    <subfield code="8">TESIS</subfield>
    <subfield code="a">IA_</subfield>
    <subfield code="b">IA_</subfield>
    <subfield code="d">2022-01-18</subfield>
    <subfield code="e">El autor</subfield>
    <subfield code="l">0</subfield>
    <subfield code="o">Tesis S266 2012</subfield>
    <subfield code="p">1101006849</subfield>
    <subfield code="r">2026-02-02 00:00:00</subfield>
    <subfield code="t">Ej. 1</subfield>
    <subfield code="w">2022-01-18</subfield>
    <subfield code="y">TESIS</subfield>
  </datafield>
  <datafield tag="952" ind1=" " ind2=" ">
    <subfield code="0">0</subfield>
    <subfield code="1">0</subfield>
    <subfield code="2">ddc</subfield>
    <subfield code="4">0</subfield>
    <subfield code="7">0</subfield>
    <subfield code="8">TESIS</subfield>
    <subfield code="a">IA_</subfield>
    <subfield code="b">IA_</subfield>
    <subfield code="c">1</subfield>
    <subfield code="d">2022-01-18</subfield>
    <subfield code="f">2</subfield>
    <subfield code="l">0</subfield>
    <subfield code="p">dia_006850</subfield>
    <subfield code="r">2022-01-18 00:00:00</subfield>
    <subfield code="t">2</subfield>
    <subfield code="w">2022-01-18</subfield>
    <subfield code="y">TESIS</subfield>
    <subfield code="z">3</subfield>
  </datafield>
</record>
